Accounting Case Problems (Record no. 1321)

MARC details
005 - DATE AND TIME OF LATEST TRANSACTION
control field 20250411153817.0
020 ## - INTERNATIONAL STANDARD BOOK NUMBER
International Standard Book Number 85505 002 0
082 ## - DEWEY DECIMAL CLASSIFICATION NUMBER
Classification number 657 COY
100 ## - MAIN ENTRY--PERSONAL NAME
Author name COY, J.
245 ## - TITLE STATEMENT
Title Accounting Case Problems
260 ## - PUBLICATION, DISTRIBUTION, ETC.
Place of publication, distribution, etc. Hayburn Road,
Name of publisher, distributor, etc. Polytech,
Date of publication, distribution, etc. 1970.
300 ## - PHYSICAL DESCRIPTION
Extent 151p.: ill.; table.
Dimensions 21cm.
700 ## - ADDED ENTRY--PERSONAL NAME
Other authors/Editors CLARK, A. C. & KEERS, S.
942 ## - ADDED ENTRY ELEMENTS (KOHA)
Source of classification or shelving scheme Dewey Decimal Classification
Koha item type Books
Holdings
Date last seen Total checkouts Full call number Barcode Cost, replacement price Price effective from Koha item type Lost status Source of classification or shelving scheme Damaged status Not for loan Withdrawn status Home library Current library Shelving location Date acquired Cost, normal purchase price
04/11/2025   657 COY 0000005071 30000.00 04/11/2025 Books   Dewey Decimal Classification       College of Business Education Main Library College of Business Education Main Library General Collection 04/11/2025 10000.00
04/11/2025   657 COY 0000005072 30000.00 04/11/2025 Books   Dewey Decimal Classification       College of Business Education Main Library College of Business Education Main Library General Collection 04/11/2025 10000.00
04/11/2025   657 COY 0000005073 30000.00 04/11/2025 Books   Dewey Decimal Classification       College of Business Education Main Library College of Business Education Main Library General Collection 04/11/2025 10000.00